Vista normal
Vista MARC
Entrada Personal Name
Número de registros utilizados en: 3
001 - CONTROL NUMBER
- control field: 60199
003 - CONTROL NUMBER IDENTIFIER
- control field: OSt
005 - DATE AND TIME OF LATEST TRANSACTION
- control field: 20250611170301.0
008 - FIXED-LENGTH DATA ELEMENTS
- fixed length control field: 250611|| aca||aabn | a|a d
040 ## - CATALOGING SOURCE
- Original cataloging agency: OSt
- Transcribing agency: OSt
100 ## - HEADING--PERSONAL NAME
- Personal name: Defoë, Daniel, 1661?-1731
670 ## - SOURCE DATA FOUND
- Source citation: Work cat.: (OSt)57278: Defoë, Daniel, 1661?-1731, Vida y extrañas y sorprendentes aventuras de Robinson Crusoe, marinero de York, escritas por él mismo /